Регионална библиотека "Любен Каравелов" - Русе

Голландская живопись XVII века (Запис номер 211073)

MARC детайли
000 -Лидер
Контролно поле с фиксирана дължина 01161nkm a2200337 c 4500
003 - Код на организацията, давaща контролен номер
Контролно поле BLK
005 - Дата и час на последна редакция
Контролно поле 20180422121124.0
008 - Елементи от данни с фиксирана дължина
fixed length control field 180412b bul rap|r|||| r0| ||bulo|
010 ## - Наследен системен номер
LC control number KNG00175880000
040 ## - Източник на каталожния запис
Идентификатор на билиотеката - собственик на записа BLK
041 ## - Код за език
Код за езика на текст/звукозапис или на отделно заглавие Руски
Код за езика КДБФ Руски
080 ## - УДК
Текстов определител УДК Живопис
УДК код - определител по УДК 75
УДК определител (492)
УДК - код + определител 75(492)
100 1# - Редна дума - Автор
Автор Кузнецов, Юрий Иванович
Авторска отговорност първи автор
R(LIN) 387209
139 ## - Редно поле
Редна дума Кузнецов, Юрий Иванович
Авторски знак Ку - К 93
245 10 - Сведения за заглавието
Заглавие Голландская живопись XVII века
Редно поле (дума) Юрий Иванович Кузнецов.
257 ## - Страна на издаване
Страна на създаване/издаване СССР
260 ## - Област на издателските данни
-- Москва
Име на издателя, разпространителя и проч. Изобраз. искусство
Година на издаване 1959
300 ## - Физическа характеристика
Страници 108 с.
Илюстрации и др. ил.
Размери/Мащаб 27 см
380 ## - Жанр
Жанр Изкуство
500 ## - Общи забележки
Забележка Списък на ил. - Именен указ. - 15 000 тир.
650 #4 - Допълнително описание по предмет – тема
Основно описание – тема или топоним Живопис, нидерландска
9 (RLIN) 305857
651 #4 - Допълнително описание по предмет - топоним
Географско понятие Холандия
9 (RLIN) 179745
653 ## - Ключова дума – ненормативна
Ключова дума живопис
653 ## - Ключова дума – ненормативна
Ключова дума Холандия
653 ## - Ключова дума – ненормативна
Ключова дума XVII в.
852 ## - Местоположение
Форматна сигнатура Цб Гр А ІІ 497
856 4# - Електронен адрес и достъп
Електронен формат pdf - файл
Път до файла /url/
856 4# - Електронен адрес и достъп
Електронен формат pdf - файл
Път до файла /url/
942 ## - АРТИКУЛИ
Вид на библиотечния материал Графични издания
Скрит в OPAC Не
944 ## - СЪЗДАВАНЕ И РЕДАКЦИЯ на ЗАПИСА
Създаване/Редакция Създаване
Дата на регистрацията/редакция 27.05.2015
Служител, извършил регистрацията/редакцията Камелия_Данева
944 ## - СЪЗДАВАНЕ И РЕДАКЦИЯ на ЗАПИСА
Създаване/Редакция Редакция
Дата на регистрацията/редакция 27.05.2015
Служител, извършил регистрацията/редакцията Камелия_Данева
999 ## - СИСТЕМНИ КОНТРОЛНИ НОМЕРА
Koha biblionumber 211073
Koha biblioitemnumber 211073
Наличности
Код за отписване Код за изгубен артикул Източник на класификационната схема Код за повреда Коз за рестрикции Код за отдаване Артикулен № Име на библиотеката - собственик Име на библиотеката, в която се намира в момента Статус (Текущо местоположение) Дата на вписване в системата Местоположение - отдел Цена в лева Инвентарен номер Систематично азбучна сигнатура Баркод Номер на екземпляра Цена в евро Служебна бележка Служебен тип на артикула
  Не е изгубен Universal Decimal Classification Не е повреден без рестрикции заемане за дома 362923 Регионална библиотека "Любен Каравелов" Русе Регионална библиотека "Любен Каравелов" Русе Отдел Изкуство - подръчен фонд 1959-01-01 Отдел Изкуство - подръчен фонд 2.00 3368/60 75/К 93 900000003084 1 1.02 Дост: Pk Вид: Ф N: стар фонд Дата: 01.01.1959 Графични издания
Vip Innovations Ltd, Rousse, Bulgaria 2025